Stres, duševní nepohoda, to vše ovlivňuje výsledky

Riziká zo stresu a nepohody na pracovisku.

Enregistré dans:
Détails bibliographiques
Auteur principal: Přikryl, Jan
Format: Chapitre de livre
Langue:tchèque
Sujets:
Tags: Ajouter un tag
Pas de tags, Soyez le premier à ajouter un tag!

MARC

LEADER 00000naa a2200000 4500
001 0157778
005 20231019115842.5
041 0 |a cze 
044 |a CZ 
245 1 0 |a Stres, duševní nepohoda, to vše ovlivňuje výsledky  |c Jan Přikryl 
520 |a Riziká zo stresu a nepohody na pracovisku. 
610 2 0 |a stresy 
610 2 0 |a psychológia práce 
610 2 0 |a pracovisko 
610 2 0 |a kultúra podniková 
610 2 0 |a kultúra práce 
100 1 |a Přikryl, Jan